000 00574nam a2200205Ia 4500
001 14965
003 GE_BSU
008 181216s||||||||xx |||||||||||||| ||und||
040 _cGE_BSU
080 _a517.97
100 _aБлисс,Г.А.
245 _aЛекции по вариационному исчислению
245 _cПод.ред.Л.Э.Эльгольца
260 _aМосква
260 _bНаука
260 _c1950
300 _a347стр.22см.
653 _aЛекции по вариационному исчислению
942 _cBK
999 _c48085
_d48085